000 00690nam a22002177a 4500
999 _c11478
_d11478
003 AR-CdUCM
008 190404b ||||| |||| 00| 0 spa d
040 _aMUNICIPALIDAD PROVINCIAL DEL CUSCO
_cBIBLIOTECA MUNICIPAL DEL CUSCO
082 _aC / 869.56 /
_bC19F
100 _aCalderón Ugarte, Luis T.
_928858
245 _aFuente amarga :
_bPoemário sintético /
260 _aCusco :
_bTip. Los Íntimos,
_c1942.
300 _a63 páginas ;
_c17 cm.
440 _aColección Popular Alkamari.
_n1
_928859
505 _aContenido: Poemas.
650 _aLiteratura Peruana
_9132
650 _aPoemas Cusqueños
_917375
650 _aSiglo XX
_98
942 _2ddc
_cLIBROS
945 _aachl